000 00666cam a22002053a 4500
001 37057
003 PGUSA
005 20140828083819.0
008 110813s2011||||xxu|||||s|||||000 | eng d
040 _aPGUSA
_beng
042 _adc
100 1 _aHaslam, John,
_d1764-1844
245 1 0 _aObservations on Insanity :
_bWith Practical Remarks on the Disease and an Account of the Morbid Appearances on Dissection
_h[electronic resource] /
_cJohn Haslam
260 _bProject Gutenberg,
_c2011
506 _aPublic domain in the USA.
516 _aElectronic text
830 0 _aProject Gutenberg
_v37057
856 4 0 _uhttp://www.gutenberg.org/ebooks/37057
942 _cEB
999 _c266312
_d266312